Datum a čas kvízu
22
Celkem bodů
Celkový počet nahraných bodů na tomto kvízu bez doplňovacích otázek.
7.
Pořadí na kvízu
Konečné umístění týmu na tomto kvízu.
Zaznamenané odpovědi
| # | Otázka | Odpověď | Body | Výsledky |
|---|---|---|---|---|
| 1. | Předseda Senátu Parlamentu Čes... | 13. a 14. ledna 2023 | 0 | |
| 2. | Který renesanční zámek v Pardu... | Litomyšl | 1 | |
| 3. | V Karlových Varech byl v pátek... | Iva Janžurová | 0 | |
| 4. | Která automobilka ohlásila zám... | Volvo | 0 | |
| 5. | V pátek byl odstartován 109. r... | Kodaň | 0 | |
| 6. | Pod kterým pseudonymem je znám... | Banksy | 0 | |
| 7. | Ve filmové sérii Hobit si Thor... | Arcikam | 1 | |
| 8. | Jistý řád živočichů má ve svém... | o krokodýlech | 0 | |
| 9. | Tento český kardiochirurg patř... | Jan Pirk | 1 | |
| 10. | Výraz srdcovka má v českém jaz... | A | 1 |